000 00612nam a22002177a 4500
001 AUWbook033486
003 BDCtgAUW
005 20260505020005.0
008 260401b ii ||||| |||| 00| 0 eng d
020 _a9798900234472
040 _aBDCtgAUW
_cBDCtgAUW
050 4 _aPR9570
_b.N43 R38 2025
100 1 _a Rayamajhi, Sangita.
_eauthor
245 1 0 _aReclaiming forgotten narratives /
_cSangita Rayamajhi.
260 _aIndia :
_bNotion Press,
_c2025.
300 _avii, 151p. ;
_c20cm.
650 4 _aEnglish Literature
_zNepal
_980514
887 _28
_aCRON CRON
942 _2lcc
_cBK
_n0
_04
999 _c16357
_d16357
888 _2